01329cam a2200277 a 450000100100000000500170001000800410002702000150006804000360008308200170011910000410013624501440017726001450032130000340046650400570050065100640055765100560062165000510067770000380072870000420076671000640080891000320087204900090090495201210091399900170103400001434120240527202356.0940204s1989 ag a b i000 0 spa d a950910986X aDO-SdBNPbspacDJBFdDLCdBNPHU a337.1bF954e1 aFuentes Hernández, Alfredo.93236110aEconómia mundial e integración de América Latina /cAlfredo Fuentes Hernéndez , Javier Villanueva ; prólogo Eduardo A. Zalduendo. aBuenos Aires, Argentina :bInstituto para la Integración de América Latina, Banco Interamericano de Desarrollo,bEditarial Tesis,c1989. axxii, 277 p. :bil. ;c23 cm. aIncluye referencias bibliográficas (p. [245]-277). 4aAmérica LatinaxRelaciones Económicas Exteriores930739 4aAmérica LatinaxIntegración Económicas932362 0a Relaciones económicas internacionales910671 aVillanueva, Javier,d1926-9323631 aZalduendo, Eduardo A.epról.9323641 aInstituto para la Integración de América Latina.932039 aCatalogación por copia/LC aBNGR 001052708MOaGRbGRcCTd2009-12-09iLF1l0o337.1 F954ep14341-10r2020-06-25w2020-06-25y2ZPréstamo interno c13933d13933